MARC
| LEADER | 00000cam a2200000 7i4500 | ||
|---|---|---|---|
| 001 | 0000001382 | ||
| 005 | 20010612.0 | ||
| 090 | 0 | 0 | |a 581.95955 2 |b HAS [n.d.] |
| 100 | 0 | 0 | |a HASAN bin Pukul |
| 245 | 1 | 2 | |a A check list of Brunei trees |c Hasan bin Pukul and P. S. Ashton |
| 260 | 0 | 0 | |a [s.d. : |b s.l. , |c n.d.] |
| 300 | |a 132 p. ; |c 20 cm. | ||
| 650 | 0 | 0 | |a Trees |z Brunei |
| 700 | 0 | 1 | |a Ashton |h P. S. |
| 998 | |a JPSM | ||
| 999 | |a 0000002519 |b Monograph |c Open Shelf |e Default branch | ||
| 999 | |a 0000005855 |b Monograph |c Open Shelf |e Default branch | ||